| 000 | 00551nam a2200181Ia 4500 | ||
|---|---|---|---|
| 003 | GCL | ||
| 005 | 20240530101806.0 | ||
| 008 | 140319s9999 xx 000 0 ara d | ||
| 040 |
_aGCL / _cGCL |
||
| 082 | 0 | 4 |
_a345 _bم م |
| 100 | 1 | _aمعوض عبدالتواب | |
| 245 | 1 | 0 |
_aالموسوعة الجنائية الشاملة / _cمعوض عبدالتواب |
| 260 |
_a[S.N] : _bدار المطبوعات الجامعية ، _c1991 |
||
| 300 | _a90 ص | ||
| 650 | 0 | 4 | _aالقانون الجنائى |
| 650 | 0 | 4 | _aالقانون |
| 942 |
_2ddc _cBK |
||
| 999 |
_c27724 _d27724 |
||